[Event "XtraCon-Skakligaen"]
[Site "Denmark"]
[Date "2011.10.30"]
[Round "2.7"]
[White "Andreasen, Joan Hendrik"]
[Black "Skov, Palle"]
[Result "1/2-1/2"]
[WhiteElo "2256"]
[BlackElo "2002"]
[PlyCount "125"]
[EventDate "2011.10.29"]
[EventType "team-tourn"]
[EventRounds "9"]
[WhiteTeam "K41"]
[BlackTeam "Hillerod"]
[WhiteTeamCountry "DEN"]
[BlackTeamCountry "DEN"]

1. d4 Nf6 2. c4 c5 3. d5 b5 4. cxb5 a6 5. b6 Qxb6 6. Nc3 d6 7. Nf3 g6 8. Nd2
Bg7 9. e4 O-O 10. Be2 Nbd7 11. O-O Ne5 12. h3 a5 13. f4 Ned7 14. a4 Ba6 15. Nb5
c4+ 16. Kh2 Bxb5 17. axb5 Qxb5 18. Nxc4 Qb8 19. Bf3 Qb5 20. Be2 Qb8 21. Nxa5
Nxe4 22. Nc6 Qb7 23. Nxe7+ Kh8 24. Rxa8 Rxa8 25. Qc2 Ndc5 26. Nc6 Ra2 27. Bc4
Ra1 28. b4 f5 29. bxc5 dxc5 30. Ne5 Qc7 31. Nf7+ Qxf7 32. Qb3 Qc7 33. Be3 Rxf1
34. Bxf1 g5 35. Qa4 h6 36. Qe8+ Kh7 37. Qe6 gxf4 38. Qxf5+ Kh8 39. Bxf4 Qe7 40.
Bd3 Nf6 41. d6 Qf7 42. Qxc5 Nd7 43. Qc8+ Nf8 44. Qf5 Qe6 45. Bg3 Qf6 46. d7 Qd8
47. Bd6 Kg8 48. Bc4+ Kh8 49. Qf7 Nxd7 50. Bg3 Ne5 51. Qe6 Nxc4 52. Qxc4 Qf6 53.
Qe4 Kg8 54. Bf4 Kf7 55. Qd5+ Kg6 56. Qd6 Bf8 57. Qxf6+ Kxf6 58. Kg3 Kf5 59. Bc7
Be7 60. Kf3 h5 61. g3 Bc5 62. Bd8 Bd4 63. g4+ 1/2-1/2

[Event "XtraCon-Skakligaen"]
[Site "Denmark"]
[Date "2011.10.30"]
[Round "2.8"]
[White "Svendsen, Peter"]
[Black "Stojanovski, Sandi"]
[Result "0-1"]
[WhiteElo "1984"]
[BlackElo "2232"]
[PlyCount "216"]
[EventDate "2011.10.29"]
[EventType "team-tourn"]
[EventRounds "9"]
[WhiteTeam "Hillerod"]
[BlackTeam "K41"]
[WhiteTeamCountry "DEN"]
[BlackTeamCountry "DEN"]

1. d4 Nf6 2. c4 e6 3. Nf3 Bb4+ 4. Bd2 Qe7 5. a3 Bxd2+ 6. Qxd2 O-O 7. Nc3 d6 8.
g3 e5 9. Bg2 Bg4 10. O-O c5 11. e3 Nc6 12. Nd5 Nxd5 13. cxd5 e4 14. Ng5 Qxg5
15. dxc6 bxc6 16. Bxe4 d5 17. Bg2 c4 18. Qa5 Qg6 19. Rac1 Be2 20. Rfe1 Bd3 21.
e4 dxe4 22. f3 Rab8 23. fxe4 Rxb2 24. d5 Rxg2+ 25. Kxg2 Bxe4+ 26. Kg1 cxd5 27.
Qxa7 f5 28. Qd4 h5 29. Rxe4 dxe4 30. Rxc4 Kh7 31. Rc3 Qf6 32. Qc5 Rd8 33. Rc1
Qd4+ 34. Kg2 Qxc5 35. Rxc5 Rd2+ 36. Kf1 g6 37. Rc7+ Kh6 38. h4 Rd3 39. Kf2 Rxa3
40. Rf7 Rf3+ 41. Kg2 Ra3 42. Kf2 Ra6 43. Ke3 Re6 44. Ra7 g5 45. Ra3 Kg6 46. Rb3
gxh4 47. gxh4 Kf6 48. Rb5 Kg6 49. Ra5 Kf6 50. Rb5 Re5 51. Rb6+ Ke7 52. Ra6 Kd7
53. Rf6 Kc7 54. Ra6 Kd7 55. Rf6 Ke7 56. Ra6 Re6 57. Ra5 Kf6 58. Rb5 Re5 59.
Rb6+ Ke7 60. Ra6 Kd7 61. Rf6 Rd5 62. Kf4 Rc5 63. Ra6 Ke7 64. Rb6 e3 65. Rb3 e2
66. Re3+ Kf6 67. Rxe2 Rc4+ 68. Kg3 Rg4+ 69. Kf3 Rxh4 70. Re8 Rg4 71. Rh8 Kg5
72. Rg8+ Kh4 73. Rf8 Rg3+ 74. Kf4 Rg1 75. Kf3 Kh3 76. Rh8 h4 77. Rh5 Rf1+ 78.
Ke2 Rf4 79. Ke3 Rg4 80. Kf3 Rg3+ 81. Kf2 Kg4 82. Rh8 Ra3 83. Rg8+ Kf4 84. Rf8
Ra2+ 85. Kg1 h3 86. Rf7 Kg4 87. Rf8 f4 88. Rf7 Kg3 89. Rg7+ Kf3 90. Rf7 Rg2+
91. Kh1 Rg8 92. Re7 Kf2 93. Re6 f3 94. Re7 Kf1 95. Re6 f2 96. Kh2 Rg2+ 97. Kh1
Rg3 98. Kh2 Rd3 99. Re7 Rd2 100. Kxh3 Kg1 101. Rg7+ Kh1 102. Rf7 Rd3+ 103. Kh4
Kg2 104. Rg7+ Kh2 105. Rf7 Rd4+ 106. Kh5 Kg2 107. Rg7+ Kf3 108. Rf7+ Rf4 0-1

[Event "XtraCon-Skakligaen"]
[Site "Denmark"]
[Date "2011.10.30"]
[Round "2.1"]
[White "Matthiesen, Arne"]
[Black "Nielsen, Peter Heine"]
[Result "1/2-1/2"]
[WhiteElo "2316"]
[BlackElo "2687"]
[PlyCount "135"]
[EventDate "2011.10.29"]
[EventType "team-tourn"]
[EventRounds "9"]
[WhiteTeam "SK1968"]
[BlackTeam "Jetsmark"]
[WhiteTeamCountry "DEN"]
[BlackTeamCountry "DEN"]

1. c4 g6 2. e4 e5 3. Nc3 Bg7 4. g3 Nc6 5. Bg2 d6 6. Nge2 h5 7. h4 Nh6 8. d3 O-O
9. Nd5 Ne7 10. O-O c6 11. Nf6+ Bxf6 12. Bxh6 Bg7 13. Bxg7 Kxg7 14. d4 c5 15. d5
Bg4 16. f3 Bd7 17. Qd2 b5 18. f4 f6 19. fxe5 fxe5 20. Rxf8 Qxf8 21. cxb5 Bxb5
22. Nc3 Bd7 23. Rf1 Qe8 24. Qg5 Ng8 25. Nd1 Qd8 26. Ne3 Nh6 27. Qxd8 Rxd8 28.
Rf3 Ng8 29. Nc4 Bb5 30. Na3 Ba6 31. Bf1 Bxf1 32. Rxf1 Nf6 33. Re1 Kf7 34. Nc4
Ke7 35. Kg2 Rb8 36. Re3 Rb4 37. b3 Ng4 38. Re2 Kd7 39. Re1 Rb8 40. Re2 a6 41.
Rc2 Ke7 42. Rc3 Nf6 43. Re3 Rg8 44. Kf3 g5 45. hxg5 Rxg5 46. Re1 h4 47. gxh4
Rg4 48. Nd2 Rxh4 49. Rg1 Kf7 50. Ke3 Rh2 51. Rf1 Ke7 52. Kd3 Ng4 53. Rf3 Nf6
54. a3 Nh5 55. Kc3 Nf4 56. b4 Ne2+ 57. Kd3 Nd4 58. Rg3 Ne2 59. Rg7+ Kf8 60. Rd7
cxb4 61. axb4 Nc1+ 62. Kc2 Na2 63. Rxd6 Nxb4+ 64. Kc3 Na2+ 65. Kd3 Nb4+ 66. Kc3
Na2+ 67. Kd3 Nb4+ 68. Kc3 1/2-1/2

[Event "XtraCon-Skakligaen"]
[Site "Denmark"]
[Date "2011.10.30"]
[Round "2.2"]
[White "Rasmussen, Allan Stig"]
[Black "Rewitz, Poul"]
[Result "1-0"]
[WhiteElo "2541"]
[BlackElo "2298"]
[PlyCount "47"]
[EventDate "2011.10.29"]
[EventType "team-tourn"]
[EventRounds "9"]
[WhiteTeam "Jetsmark"]
[BlackTeam "SK1968"]
[WhiteTeamCountry "DEN"]
[BlackTeamCountry "DEN"]

1. e4 c6 2. d4 d5 3. Nc3 b5 4. exd5 b4 5. Na4 cxd5 6. Nc5 Nd7 7. Bb5 Ngf6 8.
Qe2 e6 9. a3 Qa5 10. Bd2 Rb8 11. Ba4 Bxc5 12. axb4 Qc7 13. bxc5 O-O 14. Nf3 Ne4
15. O-O e5 16. b4 exd4 17. Nxd4 Ba6 18. b5 Qxc5 19. bxa6 Nb6 20. Qd3 Nc4 21.
Be3 Nb2 22. Qa3 Rb4 23. Nc6 Rxa4 24. Bxc5 1-0

[Event "XtraCon-Skakligaen"]
[Site "Denmark"]
[Date "2011.10.30"]
[Round "2.3"]
[White "Matthiesen, Martin"]
[Black "Glud, Jakob Vang"]
[Result "0-1"]
[WhiteElo "2277"]
[BlackElo "2496"]
[PlyCount "68"]
[EventDate "2011.10.29"]
[EventType "team-tourn"]
[EventRounds "9"]
[WhiteTeam "SK1968"]
[BlackTeam "Jetsmark"]
[WhiteTeamCountry "DEN"]
[BlackTeamCountry "DEN"]

1. d4 d5 2. c4 e6 3. Nc3 Nf6 4. cxd5 exd5 5. Bg5 Be7 6. e3 O-O 7. Bd3 Nbd7 8.
Nf3 Re8 9. O-O c6 10. Qc2 g6 11. Rab1 Nh5 12. Bxe7 Qxe7 13. Rfe1 Ndf6 14. b4 a6
15. Nd2 Ng7 16. a4 Bf5 17. f3 Rad8 18. Nb3 Bxd3 19. Qxd3 Ne6 20. b5 axb5 21.
axb5 c5 22. Nxc5 Nxc5 23. dxc5 Qxc5 24. Rbc1 Qb6 25. Na4 Qa7 26. Nc5 d4 27. e4
Re5 28. Nb3 Nh5 29. Nd2 Nf4 30. Qb3 d3+ 31. b6 Qa5 32. Nc4 Qc5+ 33. Kh1 Qf2 34.
Rg1 Rh5 0-1

[Event "XtraCon-Skakligaen"]
[Site "Denmark"]
[Date "2011.10.30"]
[Round "2.4"]
[White "Pedersen, Christian Kyndel"]
[Black "Lindfeldt, Jan Magnus"]
[Result "1-0"]
[WhiteElo "2416"]
[BlackElo "2246"]
[PlyCount "107"]
[EventDate "2011.10.29"]
[EventType "team-tourn"]
[EventRounds "9"]
[WhiteTeam "Jetsmark"]
[BlackTeam "SK1968"]
[WhiteTeamCountry "DEN"]
[BlackTeamCountry "DEN"]

1. d4 Nf6 2. c4 g6 3. Nc3 Bg7 4. e4 O-O 5. Nf3 d6 6. Be2 e5 7. O-O exd4 8. Nxd4
Re8 9. f3 Nc6 10. Be3 Nh5 11. Nd5 f5 12. Nb5 fxe4 13. f4 Re7 14. Bxh5 gxh5 15.
Nxe7+ Qxe7 16. f5 Bxb2 17. f6 Bxf6 18. Nxc7 Bxa1 19. Nxa8 Bg7 20. Qxh5 Be6 21.
c5 dxc5 22. Bxc5 Qd8 23. Nc7 Bc4 24. Rd1 Qc8 25. Ne8 Ne5 26. Nc7 Nd3 27. Rf1
Nxc5 28. Rc1 Bd4+ 29. Kh1 b5 30. Nxb5 Nd3 31. Nxd4 Nxc1 32. Qg5+ Kf7 33. Qxc1
Kg6 34. h3 Qa6 35. a3 Bd5 36. Qf4 Qxa3 37. Qf5+ Kg7 38. Qg5+ Kf8 39. Qd8+ Kg7
40. Qg5+ Kf8 41. Qd8+ Kg7 42. Nf5+ Kg6 43. Nh4+ Kg7 44. Nf5+ Kg6 45. Qxd5 Qc1+
46. Kh2 Qf4+ 47. Ng3 e3 48. Qc6+ Kg5 49. Qc5+ Kg6 50. Qxa7 Qe5 51. Qa6+ Kf7 52.
Qe2 h5 53. Qf3+ Ke6 54. Qxh5 1-0

[Event "XtraCon-Skakligaen"]
[Site "Denmark"]
[Date "2011.10.30"]
[Round "2.5"]
[White "Hansen, Lars"]
[Black "Christensen, Stefan"]
[Result "0-1"]
[WhiteElo "2245"]
[BlackElo "2278"]
[PlyCount "67"]
[EventDate "2011.10.29"]
[EventType "team-tourn"]
[EventRounds "9"]
[WhiteTeam "SK1968"]
[BlackTeam "Jetsmark"]
[WhiteTeamCountry "DEN"]
[BlackTeamCountry "DEN"]

1. e4 e6 2. d3 d5 3. Nd2 Nf6 4. Ngf3 b6 5. c3 dxe4 6. dxe4 Bb7 7. Qa4+ Qd7 8.
Qc2 Be7 9. e5 Nd5 10. Ne4 Nc6 11. a3 f5 12. exf6 Bxf6 13. Bb5 a6 14. Ba4 O-O-O
15. O-O e5 16. b4 Qg4 17. h3 Qg6 18. Re1 Nf4 19. Bxf4 exf4 20. Nxf6 Qxf6 21.
Qe2 b5 22. Bc2 Qxc3 23. a4 Nxb4 24. Bf5+ Kb8 25. axb5 Rhe8 26. Qxe8 Rxe8 27.
Rxe8+ Ka7 28. Ree1 Bxf3 29. gxf3 Qxf3 30. Rab1 a5 31. Re6 Qd5 32. b6+ cxb6 33.
Bg4 f3 34. Ree1 0-1

[Event "XtraCon-Skakligaen"]
[Site "Denmark"]
[Date "2011.10.30"]
[Round "2.6"]
[White "Baekgaard, Martin"]
[Black "Hansen, Bjarne"]
[Result "1-0"]
[WhiteElo "2295"]
[BlackElo "2235"]
[PlyCount "71"]
[EventDate "2011.10.29"]
[EventType "team-tourn"]
[EventRounds "9"]
[WhiteTeam "Jetsmark"]
[BlackTeam "SK1968"]
[WhiteTeamCountry "DEN"]
[BlackTeamCountry "DEN"]

1. d4 d5 2. c4 c6 3. Nf3 e6 4. Qc2 f5 5. Nc3 Nf6 6. Bf4 Be7 7. e3 Ne4 8. Bd3
Nd7 9. cxd5 exd5 10. O-O O-O 11. Rab1 a5 12. h3 Rf7 13. Ne2 Qf8 14. a3 g5 15.
Bxe4 gxf4 16. Bd3 fxe3 17. fxe3 Qh6 18. Nf4 Bd6 19. Bxf5 Bxf4 20. exf4 Qxf4 21.
Be6 Qe3+ 22. Rf2 Qxe6 23. Ng5 Qe3 24. Nxf7 Nf6 25. Nd6 Qxd4 26. Qc3 Qxc3 27.
bxc3 Ne4 28. Nxe4 dxe4 29. Re1 Be6 30. Rxe4 Bd5 31. Rg4+ Kh8 32. c4 Bg8 33. Rb2
Ra7 34. c5 a4 35. Re2 Ra8 36. Re7 1-0

[Event "XtraCon-Skakligaen"]
[Site "Denmark"]
[Date "2011.10.30"]
[Round "2.7"]
[White "Christensen, Thomas"]
[Black "Wiwe, Andreas"]
[Result "0-1"]
[WhiteElo "2257"]
[BlackElo "2273"]
[PlyCount "74"]
[EventDate "2011.10.29"]
[EventType "team-tourn"]
[EventRounds "9"]
[WhiteTeam "SK1968"]
[BlackTeam "Jetsmark"]
[WhiteTeamCountry "DEN"]
[BlackTeamCountry "DEN"]

1. Nf3 d5 2. c4 dxc4 3. Qa4+ Nc6 4. Ne5 Be6 5. Nxc6 Qd7 6. Qb5 bxc6 7. Qb7 Rd8
8. Qxa7 g6 9. e3 Bg7 10. Qa4 Qd5 11. f3 Nh6 12. Nc3 Qc5 13. Ne4 Qd5 14. Qb4 Nf5
15. Nc5 Nd6 16. Nxe6 Qxe6 17. Qa4 Qd5 18. Be2 O-O 19. O-O Ra8 20. Qc2 Rfb8 21.
Rd1 Qe6 22. a4 Ra5 23. d3 cxd3 24. Rxd3 c5 25. Rb1 c4 26. Ra3 Qe5 27. Bxc4 Rc5
28. Rc3 Nxc4 29. Rxc4 Rxc4 30. Qxc4 Qa5 31. Kf1 Rd8 32. Qc2 Qe5 33. Kg1 Bh6 34.
Kf2 Qxh2 35. Bd2 Bg5 36. Rg1 Bh4+ 37. Kf1 Qg3 0-1

[Event "XtraCon-Skakligaen"]
[Site "Denmark"]
[Date "2011.10.30"]
[Round "2.8"]
[White "Rathlev, Jakob"]
[Black "Sorensen, Torben Kyhl"]
[Result "1-0"]
[WhiteElo "2251"]
[BlackElo "2237"]
[PlyCount "81"]
[EventDate "2011.10.29"]
[EventType "team-tourn"]
[EventRounds "9"]
[WhiteTeam "Jetsmark"]
[BlackTeam "SK1968"]
[WhiteTeamCountry "DEN"]
[BlackTeamCountry "DEN"]

1. Nf3 Nf6 2. g3 g6 3. Bg2 Bg7 4. c4 O-O 5. Nc3 d6 6. O-O Nc6 7. d3 e5 8. e4 a5
9. h3 Nh5 10. Nd5 Ne7 11. d4 c6 12. Nc3 f5 13. exf5 gxf5 14. dxe5 dxe5 15. Bg5
Qxd1 16. Raxd1 Ng6 17. Na4 Be6 18. b3 h6 19. Nc5 Bf7 20. Bc1 b5 21. Nd7 Rfe8
22. c5 Rad8 23. Rd6 Be6 24. Rfd1 Kh7 25. Nf8+ Bxf8 26. Rxd8 Rxd8 27. Rxd8 Bxc5
28. Kf1 a4 29. Bb2 axb3 30. axb3 e4 31. Nd4 Bd5 32. Nxf5 Nf8 33. Nd6 e3 34.
Bxd5 cxd5 35. Rxf8 Bxd6 36. Rf5 Kg6 37. Rxd5 Bc7 38. Rc5 Bd8 39. Rxb5 exf2 40.
Kxf2 Bc7 41. Be5 1-0

[Event "XtraCon-Skakligaen"]
[Site "Denmark"]
[Date "2011.10.30"]
[Round "2.1"]
[White "Danielsen, Henrik"]
[Black "Schandorff, Lars"]
[Result "1-0"]
[WhiteElo "2543"]
[BlackElo "2494"]
[PlyCount "201"]
[EventDate "2011.10.29"]
[EventType "team-tourn"]
[EventRounds "9"]
[WhiteTeam "BMS"]
[BlackTeam "Sydostfyn"]
[WhiteTeamCountry "DEN"]
[BlackTeamCountry "DEN"]

1. c4 g6 2. Nc3 c5 3. Nf3 Bg7 4. g3 Nc6 5. Bg2 e6 6. O-O Nge7 7. d3 O-O 8. Bd2
b6 9. a3 Bb7 10. Rb1 d5 11. b4 cxb4 12. axb4 dxc4 13. dxc4 Rc8 14. c5 bxc5 15.
bxc5 Na5 16. Nb5 Rxc5 17. Qa4 Nac6 18. Be3 Rd5 19. Ng5 a6 20. Na7 Ba8 21. Bb6
Qd7 22. Bxd5 Qxd5 23. Nf3 Ne5 24. Rb3 Rb8 25. Rfb1 Rxb6 26. Rxb6 Nxf3+ 27. exf3
Qxf3 28. Rb8+ Bf8 29. Rxa8 Qxa8 30. Qxa6 Qe4 31. Rb8 Qe1+ 32. Qf1 Qe5 33. Qb1
h5 34. Qb2 Qe1+ 35. Kg2 Qe4+ 36. f3 Qe3 37. Nb5 Nc6 38. Rc8 Ne5 39. Qf2 Qxf2+
40. Kxf2 Kg7 41. Ke2 g5 42. Nd4 Ng6 43. Rc7 Be7 44. Nc6 Bf6 45. Ke3 h4 46. Ke4
hxg3 47. hxg3 Kf8 48. Rb7 Kg7 49. Nb4 Be5 50. g4 Bf6 51. Nd3 Kg8 52. Nc5 Nf4
53. Ke3 Nd5+ 54. Kd3 Kg7 55. Ne4 Be7 56. Nc3 Nf4+ 57. Kc4 Ng6 58. Ne4 Kf8 59.
Kd4 Nh4 60. Ke3 Ng2+ 61. Kf2 Nf4 62. Rb5 Nd5 63. Ng3 Kg7 64. Nh5+ Kg6 65. Rb8
f5 66. Rg8+ Kf7 67. Rc8 Nf6 68. Nxf6 Kxf6 69. Re8 Bd6 70. Rg8 Bf4 71. Ra8 Bd6
72. Ra5 Bf4 73. Ke2 Bg3 74. Kd3 Bh2 75. Kc4 Bg1 76. Ra1 Bf2 77. Ra2 Bg1 78. Re2
Ba7 79. Kb5 Bb8 80. Kc6 Bf4 81. Re1 Bg3 82. Re3 Bf4 83. Re2 Bg3 84. Rg2 Bf4 85.
Kd7 e5 86. Kc6 e4 87. fxe4 fxe4 88. Kd5 e3 89. Ra2 Ke7 90. Ra7+ Kd8 91. Ra6 Kd7
92. Re6 Kc7 93. Kc5 Kd7 94. Kd5 Kc7 95. Re7+ Kd8 96. Ke6 Kc8 97. Kf7 Kd8 98.
Re8+ Kd7 99. Re7+ Kd8 100. Kf8 Kc8 101. Ke8 1-0

[Event "XtraCon-Skakligaen"]
[Site "Denmark"]
[Date "2011.10.30"]
[Round "2.2"]
[White "Aagaard, Jacob"]
[Black "Kristiansen, Jens"]
[Result "1/2-1/2"]
[WhiteElo "2522"]
[BlackElo "2439"]
[PlyCount "31"]
[EventDate "2011.10.29"]
[EventType "team-tourn"]
[EventRounds "9"]
[WhiteTeam "Sydostfyn"]
[BlackTeam "BMS"]
[WhiteTeamCountry "DEN"]
[BlackTeamCountry "DEN"]

1. e4 c5 2. Nf3 Nc6 3. Nc3 Nf6 4. d4 cxd4 5. Nxd4 d6 6. Bg5 e6 7. Qd2 a6 8.
O-O-O Bd7 9. f3 b5 10. Nxc6 Bxc6 11. Ne2 Be7 12. h4 Rc8 13. Nd4 Bb7 14. Qe1 Qc7
15. Bd3 h6 16. Bd2 1/2-1/2

[Event "XtraCon-Skakligaen"]
[Site "Denmark"]
[Date "2011.10.30"]
[Round "2.3"]
[White "Mikkelsen, Nikolaj"]
[Black "Pedersen, Steffen"]
[Result "1/2-1/2"]
[WhiteElo "2384"]
[BlackElo "2431"]
[PlyCount "38"]
[EventDate "2011.10.29"]
[EventType "team-tourn"]
[EventRounds "9"]
[WhiteTeam "BMS"]
[BlackTeam "Sydostfyn"]
[WhiteTeamCountry "DEN"]
[BlackTeamCountry "DEN"]

1. e4 c6 2. Nf3 d5 3. Nc3 Bg4 4. h3 Bxf3 5. Qxf3 e6 6. g3 Nf6 7. Bg2 Be7 8. O-O
Nbd7 9. d4 dxe4 10. Nxe4 O-O 11. Rd1 Re8 12. c4 a5 13. Nc3 a4 14. d5 exd5 15.
cxd5 a3 16. dxc6 bxc6 17. Rb1 Ne5 18. Qf5 Qa5 19. Qc2 Rad8 1/2-1/2

[Event "XtraCon-Skakligaen"]
[Site "Denmark"]
[Date "2011.10.30"]
[Round "2.4"]
[White "Nordenbaek, Jan"]
[Black "Sahl, Bjarke"]
[Result "1/2-1/2"]
[WhiteElo "2252"]
[BlackElo "2343"]
[PlyCount "80"]
[EventDate "2011.10.29"]
[EventType "team-tourn"]
[EventRounds "9"]
[WhiteTeam "Sydostfyn"]
[BlackTeam "BMS"]
[WhiteTeamCountry "DEN"]
[BlackTeamCountry "DEN"]

1. Nf3 d5 2. d4 Nf6 3. c4 c6 4. Nc3 dxc4 5. a4 Bf5 6. e3 e6 7. Bxc4 Bb4 8. O-O
O-O 9. Nh4 Bg6 10. Nxg6 hxg6 11. Qb3 Qe7 12. Rd1 a5 13. Bd2 Qc7 14. Ne2 Bd6 15.
g3 Nbd7 16. Bd3 Rfd8 17. Rac1 Qb8 18. Nf4 Nf8 19. Bf1 Bxf4 20. gxf4 Rd5 21. Bg2
Rh5 22. Bf3 Rh4 23. Rc5 Nd5 24. Rxa5 Rxa5 25. Bxa5 g5 26. fxg5 Nh7 27. Bxd5
exd5 28. f4 Nxg5 29. Qb6 Ne6 30. Be1 Rh5 31. Bg3 Qc8 32. Rf1 g6 33. a5 Ng7 34.
a6 bxa6 35. Rc1 Qe6 36. Rc3 Qg4 37. Qxc6 Qd1+ 38. Kf2 Qd2+ 39. Kf3 Qd1+ 40. Kf2
Qd2+ 1/2-1/2

[Event "XtraCon-Skakligaen"]
[Site "Denmark"]
[Date "2011.10.30"]
[Round "2.5"]
[White "Nielsen, Thomas Bach"]
[Black "Nielsen, Niels-Peter"]
[Result "1/2-1/2"]
[WhiteElo "2219"]
[BlackElo "2161"]
[PlyCount "55"]
[EventDate "2011.10.29"]
[EventType "team-tourn"]
[EventRounds "9"]
[WhiteTeam "BMS"]
[BlackTeam "Sydostfyn"]
[WhiteTeamCountry "DEN"]
[BlackTeamCountry "DEN"]

1. d4 d5 2. c4 c6 3. cxd5 cxd5 4. Nf3 Nf6 5. Nc3 Nc6 6. Bf4 e6 7. e3 Bd6 8. Bg3
O-O 9. Bd3 a6 10. Rc1 Re8 11. Ne5 Bxe5 12. dxe5 Nd7 13. f4 Qb6 14. Qd2 Nf8 15.
O-O Bd7 16. f5 d4 17. exd4 Qxd4+ 18. Kh1 Nxe5 19. fxe6 Nxe6 20. Bxe5 Qxe5 21.
Bxh7+ Kxh7 22. Qxd7 Nd8 23. h3 Re6 24. Qd2 Qe3 25. Qc2+ Kg8 26. Rf3 Qc5 27.
Rcf1 Rc8 28. Qd3 1/2-1/2

[Event "XtraCon-Skakligaen"]
[Site "Denmark"]
[Date "2011.10.30"]
[Round "2.6"]
[White "Strandby, Martin"]
[Black "Rostgaard, Tobias Valentin"]
[Result "0-1"]
[WhiteElo "2214"]
[BlackElo "2198"]
[PlyCount "92"]
[EventDate "2011.10.29"]
[EventType "team-tourn"]
[EventRounds "9"]
[WhiteTeam "Sydostfyn"]
[BlackTeam "BMS"]
[WhiteTeamCountry "DEN"]
[BlackTeamCountry "DEN"]

1. d4 d5 2. Nf3 Nf6 3. Bf4 g6 4. e3 Bg7 5. Nbd2 O-O 6. Bd3 Bg4 7. h3 Bxf3 8.
Qxf3 Nbd7 9. g4 Re8 10. Qg3 Rc8 11. c3 c5 12. O-O Qb6 13. Rab1 Qc6 14. f3 b5
15. a3 Qb6 16. Kg2 a5 17. h4 h5 18. Be5 c4 19. Bc2 hxg4 20. f4 e6 21. Rf2 Kh7
22. Rh1 Nh5 23. Qxg4 f5 24. Qh3 Nxe5 25. fxe5 Bh6 26. Bd1 Qb7 27. Nf3 Bxe3 28.
Ng5+ Bxg5 29. hxg5 Kg7 30. Bxh5 gxh5 31. Qxh5 Rh8 32. Qf3 Qe7 33. Qg3 Rxh1 34.
Kxh1 Rh8+ 35. Rh2 Rxh2+ 36. Kxh2 Kg6 37. Qe1 Qxg5 38. a4 bxa4 39. Qa1 Qf4+ 40.
Kg1 Qg3+ 41. Kh1 f4 42. Qxa4 f3 43. Qc2+ Kg5 44. Qd2+ Kg4 45. Qc2 Qe1+ 46. Kh2
Qe2+ 0-1

[Event "XtraCon-Skakligaen"]
[Site "Denmark"]
[Date "2011.10.30"]
[Round "2.7"]
[White "Pedersen, Sven"]
[Black "Nohr, Finn"]
[Result "1/2-1/2"]
[WhiteElo "2139"]
[BlackElo "2110"]
[PlyCount "131"]
[EventDate "2011.10.29"]
[EventType "team-tourn"]
[EventRounds "9"]
[WhiteTeam "BMS"]
[BlackTeam "Sydostfyn"]
[WhiteTeamCountry "DEN"]
[BlackTeamCountry "DEN"]

1. e4 e5 2. Nf3 Nc6 3. Bb5 a6 4. Ba4 Nf6 5. O-O Be7 6. Re1 b5 7. Bb3 O-O 8. c3
d5 9. exd5 Nxd5 10. Nxe5 Nxe5 11. Rxe5 c6 12. d4 Bd6 13. Re1 Qh4 14. g3 Qh3 15.
Qf3 Bg4 16. Qg2 Qh5 17. Be3 Rae8 18. Nd2 Kh8 19. Bxd5 cxd5 20. a4 b4 21. Rac1
bxc3 22. bxc3 Bh3 23. Qf3 Bg4 24. Qg2 Bh3 25. Qf3 Bg4 26. Qg2 Rc8 27. Qf1 Ba3
28. Rb1 Rc6 29. Rb3 Bd6 30. Qg2 Rfc8 31. a5 Bh3 32. Qf3 Bg4 33. Qg2 Bh3 34. Qf3
Bg4 35. Qg2 Bc7 36. Ra3 Bd6 37. Rb3 Bc7 38. Ra3 Bh3 39. Qf3 Bg4 40. Qg2 Bd8 41.
f3 Bd7 42. Bf4 f6 43. g4 Qg6 44. Re3 h5 45. Qh3 Be8 46. Kf2 Kg8 47. gxh5 Qxh5
48. Qxh5 Bxh5 49. Bg3 Kf7 50. Kg2 Bg6 51. Be1 Be7 52. Rb3 Bc2 53. Rb7 R8c7 54.
Rxc7 Rxc7 55. Bg3 Rb7 56. c4 Bb4 57. Nb3 dxc4 58. Nc5 Re7 59. Kf2 Bxa5 60. Nxa6
Bd3 61. Nc5 Bc3 62. Rxe7+ Kxe7 63. Ke3 Bb1 64. Na4 Ba1 65. Be1 Bc2 66. Bc3
1/2-1/2

[Event "XtraCon-Skakligaen"]
[Site "Denmark"]
[Date "2011.10.30"]
[Round "2.8"]
[White "Bjerre, Lars Gronborg"]
[Black "Brorsen, Jacob Abildlund"]
[Result "1-0"]
[WhiteElo "2057"]
[BlackElo "2106"]
[PlyCount "53"]
[EventDate "2011.10.29"]
[EventType "team-tourn"]
[EventRounds "9"]
[WhiteTeam "Sydostfyn"]
[BlackTeam "BMS"]
[WhiteTeamCountry "DEN"]
[BlackTeamCountry "DEN"]

1. e4 c5 2. c3 Nf6 3. e5 Nd5 4. d4 e6 5. Nf3 cxd4 6. cxd4 Nc6 7. a3 d6 8. Bd3
Bd7 9. O-O Qb6 10. Be4 dxe5 11. Bxd5 exd5 12. dxe5 d4 13. Nbd2 Rd8 14. Re1 Be7
15. Nc4 Qc5 16. Nd6+ Bxd6 17. exd6+ Be6 18. Ng5 O-O 19. Ne4 Qf5 20. b4 Bd5 21.
Ng3 Qf6 22. b5 Na5 23. Qh5 Qxd6 24. Nf5 Qd7 25. Re7 Qc8 26. Qg5 g6 27. Nh6+ 1-0

[Event "XtraCon-Skakligaen"]
[Site "Denmark"]
[Date "2011.10.30"]
[Round "2.1"]
[White "Sorensen, Jan"]
[Black "Hillarp Persson, Tiger"]
[Result "1/2-1/2"]
[WhiteElo "2426"]
[BlackElo "2535"]
[PlyCount "118"]
[EventDate "2011.10.29"]
[EventType "team-tourn"]
[EventRounds "9"]
[WhiteTeam "Aarhus/Skolerne"]
[BlackTeam "Bronshoj"]
[WhiteTeamCountry "DEN"]
[BlackTeamCountry "DEN"]

1. e4 c5 2. Nf3 g6 3. d4 cxd4 4. Qxd4 Nf6 5. Nc3 Nc6 6. Qa4 d6 7. e5 dxe5 8.
Nxe5 Bd7 9. Nxd7 Qxd7 10. Bf4 Bg7 11. Rd1 Qc8 12. Bb5 O-O 13. O-O Rd8 14. Rxd8+
Nxd8 15. Be2 Nc6 16. Bf3 e6 17. Rd1 Nd7 18. Nb5 Nde5 19. Be2 Qf8 20. Be3 a6 21.
Nd6 b5 22. Qh4 Ne7 23. Bc5 Nd5 24. Ne4 Qd8 25. Qxd8+ Rxd8 26. a4 Rc8 27. b4 Bf8
28. axb5 axb5 29. Bxb5 Nxb4 30. Bd4 Bg7 31. c3 Nd5 32. Ra1 Ng4 33. h3 Bxd4 34.
cxd4 Nh6 35. Ra7 Nf5 36. Rd7 Nxd4 37. Ba6 Rc7 38. Nf6+ Kf8 39. Rxc7 Nxc7 40.
Bd3 Kg7 41. Nd7 g5 42. g4 h5 43. gxh5 Kh6 44. Kh2 Kxh5 45. Kg3 Nd5 46. Be4 Ne2+
47. Kh2 Kh4 48. Ne5 f5 49. Bxd5 exd5 50. Ng6+ Kh5 51. Ne7 d4 52. Nxf5 d3 53.
Ne3 d2 54. Kg2 Nc3 55. Kg3 Kg6 56. Kg4 Kf6 57. f4 gxf4 58. Kxf4 Ke6 59. Kf3
d1=Q+ 1/2-1/2

[Event "XtraCon-Skakligaen"]
[Site "Denmark"]
[Date "2011.10.30"]
[Round "2.2"]
[White "Bekker Jensen, Simon"]
[Black "Skytte, Rasmus"]
[Result "1/2-1/2"]
[WhiteElo "2409"]
[BlackElo "2388"]
[PlyCount "38"]
[EventDate "2011.10.29"]
[EventType "team-tourn"]
[EventRounds "9"]
[WhiteTeam "Bronshoj"]
[BlackTeam "Aarhus/Skolerne"]
[WhiteTeamCountry "DEN"]
[BlackTeamCountry "DEN"]

1. d4 d5 2. c4 e6 3. Nc3 c5 4. cxd5 exd5 5. Nf3 Nc6 6. g3 Nf6 7. Bg2 Be7 8. O-O
O-O 9. Bg5 cxd4 10. Nxd4 Re8 11. Rc1 h6 12. Be3 Be6 13. a3 Qd7 14. Nxc6 bxc6
15. Na4 Bh3 16. Bc5 Bd8 17. Re1 Bxg2 18. Kxg2 Ne4 19. Bd4 Ng5 1/2-1/2